History Quiz

Random History or Clickable Quiz

Nobel Peace Prize Match-Up Quiz Stats

 Plays Quiz Updated Apr 7, 2018

Challenge
Share
Tweet
Score 0/34 Timer 06:00
7 Plays Today
% Correct
Barack
99%
Martin Luther
98.8%
Nelson
98.5%
Mother
98.5%
Theodore
98.4%
Al
98%
United
97.6%
Woodrow
97.6%
Mikhail
97.2%
Jimmy
96.9%
Amnesty
96.6%
European
96.4%
Henry
96.3%
Yasser
95.4%
Desmond
94.1%
Anwar
92.8%
Kofi
89.4%
% Correct
Médecins
87.8%
National Dialogue
87.7%
Lech
86.5%
Yitzhak
83.6%
Malala
83.6%
Aung San
81.7%
George C.
80.6%
Liu
80.1%
80.1%
Albert
76.8%
Shimon
76.6%
Elie
76%
Jane
74.5%
Menachem
71%
Linus
71%
Willy
70.5%
Fridtjof
60.7%

You're not logged in!

Compare scores with friends on all Sporcle quizzes.
OR
Log In

You Might Also Like...

Show Comments

Extras

Top Quizzes Today


Score Distribution

Your Account Isn't Verified!

In order to create a playlist on Sporcle, you need to verify the email address you used during registration. Go to your Sporcle Settings to finish the process.

Report this User

Report this user for behavior that violates our Community Guidelines.

Details: